000 00774cam a22002414a 4500
001 13165491
005 20241028162310.0
008 030417s2004 paua b 001 0 eng
020 _a0721697607
050 0 0 _aRC86.7
_b.C55 2004
082 0 0 _a616.02/5
_221
245 0 0 _aClinical procedures in emergency medicine /
_ceditors, James R. Roberts, Jerris R. Hedges ; associate editors, Arjun S. Chanmugam ... [et al.].
250 _a4th ed.
260 _aPhiladelphia, PA :
_bW.B. Saunders,
_cc2004.
300 _axiv, 1486 p. :
_bill. ;
_c28 cm.
650 0 _aEmergency medicine.
650 1 2 _aEmergency Treatment.
650 2 2 _aEmergencies.
700 1 _aRoberts, James R.,
_d1946-
700 1 _aHedges, Jerris R.
700 1 _aChanmugam, Arjun S.
942 _2lcc
_cBK
_n0
999 _c301
_d301